Vincitori Coppa di Germania - Morte improvvisa - Statistics

Statistiche generali
  • Questo quiz è stato fatto 28 volte
  • Il punteggio medio è 10 su 26
Answers on the Grid
Answers color-coded by a green-red scale on the quiz's grid according to % correct below.
Bochum
Duisburg
Friburgo
Eintracht Braunschweig
Magonza
Bayer Uerdingen
Hansa Rostock
St. Pauli
Wattenscheid 09
Energie Cottbus
Amburgo
Bayer Leverkusen
Bayer Uerdingen
Bayern Monaco
Borussia Dortmund
Borussia M'gladbach
Colonia
Dresdner SC
Eintracht Francoforte
First Vienna
Fortuna Düsseldorf
Hannover 96
Kaiserslautern
Karlsruhe
Kickers Offenbach
Monaco 1860
Norimberga
Rapid Vienna
RB Lipsia
Rot-Weiss Essen
Schalke 04
Schwarz-Weiß Essen
Stoccarda
VfB Lipsia
Werder Brema
Wolfsburg
 
Statistiche sulle risposte
Risposta % Corretto
Bayer Leverkusen
82%
Bayern Monaco
82%
Borussia Dortmund
73%
Amburgo
64%
Eintracht Francoforte
64%
Schalke 04
64%
Stoccarda
64%
RB Lipsia
59%
Colonia
55%
Borussia M'gladbach
50%
Norimberga
45%
Werder Brema
45%
Fortuna Düsseldorf
36%
Wolfsburg
36%
Monaco 1860
32%
VfB Lipsia
27%
Hannover 96
23%
Kaiserslautern
18%
Karlsruhe
14%
Kickers Offenbach
14%
Rapid Vienna
14%
Schwarz-Weiß Essen
14%
Dresdner SC
9%
First Vienna
9%
Rot-Weiss Essen
5%
Bayer Uerdingen
0%
Nessun quiz corrispondente trovato
Distribuzione punteggi
Percentuale di utenti per punteggio
Percentile per numero di risposta
I tuoi punteggi nel tempo
Non hai fatto questo quiz